00255nam a22001217a 4500003000400000082001300004100001600017245002400033260003900057300000800096942001200104999001700116SGT a658bBHA aBHATIA, A.K aTOURISM DEVELOPMENT bSTERLING PUBLISHER NEW DELHIc1995 a354 2ddccBK c13659d13659